Soustava národního hospodářství

Enregistré dans:
Détails bibliographiques
Auteur principal: Engliš, K.
Format: Livre
Langue:tchèque
Publié: Praha Melantrich 1938
Tags: Ajouter un tag
Pas de tags, Soyez le premier à ajouter un tag!

MARC

LEADER 00000nam a2200000 4500
001 c111267
005 20200624150706.8
041 0 |a cze 
044 |a CZ 
245 1 0 |a Soustava národního hospodářství  |c K. Engliš 
264 1 |a Praha  |b Melantrich  |c 1938 
300 |a 891 s. 
100 1 |a Engliš, K.